Curso de teología dogmática

Gorde:
Xehetasun bibliografikoak
Egile nagusia: Auer, Johann (Egilea)
Formatua: Liburua
Hizkuntza:gaztelania
Argitaratua: Barcelona Herder 1989
Edizioa:3a. ed
Gaiak:
Etiketak: Etiketa erantsi
Etiketarik gabe, Izan zaitez lehena erregistro honi etiketa jartzen!

MARC

LEADER 00000nam a2200000 a 4500
001 UCK0226
003 CL-VaPUC
008 040924e19890000SP |||||||||||||||||spa|d
020 |a 8425410142 
020 |a 8425406935 
082 0 4 |a 230  |b AUE  |2 21 
100 0 |a Auer, Johann  |e author  |9 488130 
245 1 0 |a Curso de teología dogmática 
250 |a 3a. ed 
300 |a v 
942 |c BK 
945 |d 20040924 00:00:00  |a vberengu 
260 |a Barcelona  |b Herder  |c 1989 
500 |a v.7: Los Sacramentos de la Iglesia 
650 0 |a Sacramentos   |9 257270 
650 0 |a Bautismo  |9 314393 
650 0 |a Confirmación   |9 255060 
650 7 |a UNCION DE LOS ENFERMOS  |2 CL-VaPUC  |9 399341 
650 7 |a MATRIMONIO  |2 CL-VaPUC  |9 488131 
650 0 |a Penitencia  |9 366153 
583 |a last modification  |c 20040924 00:00:00  |k Rodrigo Vera 
999 |c 310715  |d 310713 
952 |0 0  |1 0  |4 0  |6 230_000000000000000_AUE_1989  |7 0  |8 A  |9 379623  |a BIBTEO  |b BIBTEO  |d 2019-11-21  |h v.7  |i 4061675  |o 230 AUE 1989  |p 4061675  |r 2025-01-17  |w 2019-11-21  |y BK  |k ICR